Une lettre suffit pour répondre juste #66 (attention 10 lettres tuent) - Statistiques

Statistiques générales
  • Ce quiz a été pris 42 fois
  • Le résultat moyen est 3 sur 6
Statistiques - réponses
Hint Réponse % Correct
Donne une des 5 lettres du nom du personnage interprété par Jonathan Lambert dans cet extrait : Damien _ _ _ _ _ BAIZE (S accepté)
100%
Donne une des 4 lettres du mot qui : - désigne un félin reconnaissable à sa face ornée de favoris, à ses oreilles triangulaires surmontées d'une touffe de poils noirs, et à son corps doté d'une courte queue et de longues pattes - complète l'expression signifiant avoir une excellente vue : avoir un oeil de _ _ _ _ LYNX
92%
Donne une des 3 lettres qui est entendu quand on prononce à haute voix le verbe qui signifie débarrasser (une surface) des dépôts, des matières qui y adhèrent fortement : _ _ _ DKP (décaper)
42%
Donne la lettre prononcée pour désigner oralement le nom de l'émission de télévision française, créée et présentée par Catherine Ceylac, diffusée sur France 2 de 1996 à 2018 : _ ou café T (Thé)
17%
Donne une des 2 lettres qui compose le titre de ce film de Jordan Peele, sorti en 2019: _ _
US
17%
Donne la première lettre du nom de famille de cet homme politique prénommé Adrien
Q (Quatennens)
8%
Aucun quiz correspondant
Distribution des résultats
% des personnes avec chaque résultat
Percentile par nombre de réponses
Votre historique - résultats
Vous n’avez pas pris ce quiz